Les plus grandes villes d'Italie - Statistiques

Statistiques générales
  • Ce quiz a été pris 184 fois
  • Le résultat moyen est 10 sur 15
Statistiques - réponses
Population Villes % Correct
1 371 000 Milan
100%
2 762 000 Rome
100%
915 000 Naples
98%
849 000 Turin
96%
254 000 Venise
93%
376 000 Florence
91%
631 000 Palerme
81%
572 000 Gênes
76%
392 000 Bologne
74%
315 000 Bari
62%
257 000 Vérone
59%
297 000 Catane
52%
219 000 Messine
29%
209 000 Padoue
27%
201 000 Prato
10%
Aucun quiz correspondant
Distribution des résultats
% des personnes avec chaque résultat
Percentile par nombre de réponses
Votre historique - résultats
Vous n’avez pas pris ce quiz